Statistics for Mediterranean Geography by Letter - I

Click here to take the quiz!

General Stats

  • This quiz has been taken 511 times
  • The average score is 8 of 15

Answer Stats

HintAnswer% Correct
Peninsula containing Portugal, Spain, and Andorra?Iberia
94%
City that is the economic, cultural, and historical heart of Turkey?Istanbul
92%
Spanish island well known for its Summer club scene?Ibiza
87%
Country created in 1948?Israel
79%
Queen of Castile that united Spain by marrying Ferdinand of Aragon?Isabella
76%
Ciao, dove è la pizza?Italy
75%
Sea located between Sicily/Calabria and the Peloponnese?Ionian Sea
70%
Egyptian goddess married to Osiris?Isis
69%
Turkish city bordering the Aegean Sea that is the 3rd most populous in the country?İzmir
64%
Greek island kingdom which was ruled by Odysseus?Ithaca
44%
Croatian Peninsula?Istria
28%
Greek island whose name is derived from the son of Daedalus in Greek mythos?Icaria
23%
Ancient region in the Western Balkans inhabited by peoples of the same name?Illyria
18%
Volcanic island which is the biggest one in the Phlegrean Archipelago?Ischia
7%
Turkish city featured in Indiana Jones and the Last Crusade?Iskenderun
5%

Score Distribution

Percentile by Number Answered

Percent of People with Each Score

Your Score History

You have not taken this quiz